| 000 | 00914pam a2200277 a 4500 | ||
|---|---|---|---|
| 001 | 2945060 | ||
| 003 | OSt | ||
| 005 | 20180116192430.0 | ||
| 008 | 900919s1991 nyua 001 0 eng | ||
| 010 | _a 90049767 | ||
| 020 |
_a0823025365 : _c$18.95 |
||
| 020 | _a9780823025367 | ||
| 040 |
_aDLC _cDLC _dDLC |
||
| 050 | 0 | 0 |
_aNC878 _b.G57 1991 |
| 082 | 0 | 0 |
_a741.6 _220 |
| 100 | 1 |
_aGleason, John A. _98150 |
|
| 245 | 1 | 0 |
_aIllustration with markers / _cJohn A. Gleason. |
| 260 |
_aNew York : _bWhitney Library of Design, _c1991. |
||
| 300 |
_a144 p. : _bill. (some col.) ; _c28 cm. |
||
| 500 | _aIncludes index. | ||
| 650 | 0 |
_aDry marker drawing _xTechnique. _98151 |
|
| 650 | 0 |
_aFelt marker drawing _xTechnique. _98152 |
|
| 906 |
_a7 _bcbc _corignew _d1 _eocip _f19 _gy-gencatlg |
||
| 942 |
_2ddc _cBK |
||
| 999 |
_c354094 _d354094 |
||